00450nam a2200145Ia 4500008004100000082001200041082000800053245008700061245001400148260001400162300000900176942000800185999001900193952009200212231017s9999 xx 000 0 und d a620.196 bEVE 0aDevelopment of an Aggregate Size Term for a Reseal Intervention Model (AP-R271/05) 0cAustroads bAustroads c30cm cREP c604003d604003 00104070aNITbNITd2023-10-17l0o620.196 EVEpNIT-1171r2023-10-17w2023-10-17yREP